MCSE windows 2000 network infrastructure administration: study guide (Record no. 32007)
[ view plain ]
| 000 -LEADER | |
|---|---|
| fixed length control field | 00624nam a2200169 a 4500 |
| 008 - FIXED-LENGTH DATA ELEMENTS--GENERAL INFORMATION | |
| fixed length control field | 140313s2000 ||||||||||||||||| || u |
| 020 ## - INTERNATIONAL STANDARD BOOK NUMBER | |
| International Standard Book Number | 078212755X |
| 050 ## - LIBRARY OF CONGRESS CALL NUMBER | |
| Classification number | QA 76.76.W56 R0b |
| 100 ## - MAIN ENTRY--PERSONAL NAME | |
| Personal name | Desai, A |
| 245 10 - TITLE STATEMENT | |
| Title | MCSE windows 2000 network infrastructure administration: study guide |
| 260 ## - PUBLICATION, DISTRIBUTION, ETC. | |
| Place of publication, distribution, etc. | San Francisco |
| Name of publisher, distributor, etc. | Sybex |
| Date of publication, distribution, etc. | 2000 |
| 650 ## - SUBJECT ADDED ENTRY--TOPICAL TERM | |
| Topical term or geographic name entry element | COMPUTERS |
| 650 ## - SUBJECT ADDED ENTRY--TOPICAL TERM | |
| Topical term or geographic name entry element | WINDOWS 2000 |
| 700 ## - ADDED ENTRY--PERSONAL NAME | |
| Personal name | Robichaux, Paul |
| 700 ## - ADDED ENTRY--PERSONAL NAME | |
| Personal name | Chellis, James |
| 995 ## - | |
| -- | MEDICAL LIBRARY OPEN ACCESS |
| -- | 734374 |
| -- | CBU-SCHOOL OF MEDICINE LIBRARY (Ndola) |
| -- | QA 76.76.W56 R0b |
| -- | 1 |
| -- | AVAILABLE |
| -- | Mar 13, 2014 |
| -- | 46537 |
| -- | Medical Library Open Access Collection |
| 999 ## - | |
| -- | 32007 |
| -- | 32007 |
| Withdrawn status | Lost status | Source of classification or shelving scheme | Damaged status | Not for loan | Permanent Location | Current Location | Shelving location | Date acquired | Total Checkouts | Full call number | Barcode | Date last seen | Price effective from | Koha item type |
|---|---|---|---|---|---|---|---|---|---|---|---|---|---|---|
| CBU-SCHOOL OF MEDICINE LIBRARY, NDOLA. | CBU-SCHOOL OF MEDICINE LIBRARY, NDOLA. | 11/30/2022 | QA 76.76.W56 R0b | 46537 | 11/30/2022 | 11/30/2022 | MONOGRAPH |